100 Biggest Cities in Hawaii on a Map - Statistics

General Stats
  • This quiz has been taken 253 times
  • The average score is 22 of 100
Answers on the Map
Answers color-coded by a green-red scale on the quiz's map according to % correct below.
 
Answer Stats
Population Cities % Correct
350,964 Honolulu
98%
44,186 Hilo
82%
45,295 Pearl City
68%
50,922 East Honolulu
59%
19,713 | 40,514 Kailua
56%
28,219 Kahului
49%
12,702 Lahaina
45%
2,057 | 9,904 Waimea
45%
8,004 Lihue
40%
37,430 Kaneohe
37%
11,652 Kapaa
37%
43,485 Waipahu
36%
3,332 Lanai City
34%
2,157 Princeville
33%
10,408 Aiea
30%
16,415 Ewa Beach
30%
21,423 Kihei
30%
14,957 Hawaiian Paradise Park
28%
21,411 Kapolei
28%
5,963 Laie
28%
13,614 Waianae
26%
17,697 Wailuku
26%
3,253 Captain Cook
24%
14,904 Schofield Barracks
24%
18,658 Wahiawa
24%
6,057 Waimanalo
24%
25,707 Ewa Gentry
23%
4,941 Haleiwa
22%
9,916 Makaha
22%
2,359 Wailua
22%
2,268 Hawi
21%
28,121 Mililani Town
21%
12,195 Nanakuli
21%
15,016 Halawa
20%
3,419 Kaunakakai
20%
21,075 Mililani Mauka
20%
3,014 Kilauea
19%
19,877 Makakilo
19%
14,896 Royal Kunia
19%
4,062 Waialua
19%
2,515 Eleele
18%
3,976 Hawaiian Beaches
18%
2,852 Kahuku
18%
3,715 Kekaha
18%
2,231 Koloa
18%
6,942 Kula
18%
4,215 Mountain View
18%
13,817 Waimalu
18%
12,082 Waipio
18%
3,426 Hawaiian Acres
17%
2,699 Honokaa
17%
4,996 Kalaheo
17%
7,297 Makawao
17%
2,470 Paia
17%
6,027 Wailea
17%
4,823 Waimanalo Beach
17%
2,243 Anahola
16%
2,678 Hanapepe
16%
4,864 Hawaiian Ocean View
16%
5,001 Heeia
16%
8,299 Pukalani
16%
5,130 Pupukea
16%
7,825 Ewa Villages
15%
2,515 Kurtistown
15%
14,965 Ocean Pointe
15%
3,380 Puhi
15%
7,104 Waikoloa Village
15%
5,863 Wailua Homesteads
15%
5,531 Waipio Acres
15%
8,969 Ahuimanu
14%
4,994 Hanamaulu
14%
4,018 Hauula
14%
2,994 Holualoa
14%
4,549 Iroquois Point
14%
2,307 Kealakekua
14%
2,578 Lawai
14%
11,535 Maili
14%
3,437 Waikapu
14%
4,887 Whitmore Village
14%
8,595 Haiku-Pauwela
13%
5,241 Kahaluu
13%
7,509 Waikele
13%
3,609 Ainaloa
12%
5,299 East Kapolei
12%
2,199 Keokea
12%
3,165 Orchidlands Estates
12%
2,416 Honaunau-Napoopoo
11%
2,110 Kualapuu
11%
7,042 Napili-Honokowai
11%
5,523 West Loch Estate
11%
2,549 Helemano
9%
2,364 Kalaeloa
9%
9,234 Waihee-Waiehu
9%
4,778 Kahaluu-Keauhou
8%
2,412 Wheeler AFB
8%
7,581 Hickam Housing
5%
12,590 Kaiminani
5%
9,483 Kaneohe Base
5%
No matching quizzes found
Score Distribution
Percent of People with Each Score
Percentile by Number Answered
Your Score History
You have not taken this quiz